El Memorándum de entendimiento con Irán como una herramienta de cooperación internacional (Registro nro. 28322)

Detalles MARC
000 -LEADER
fixed length control field 00378 a2200109 4500
001 - CONTROL NUMBER
control field ART_26113
005 - DATE AND TIME OF LATEST TRANSACTION
control field 20260410161928.0
008 - FIXED-LENGTH DATA ELEMENTS--GENERAL INFORMATION
fixed length control field 260409a
100 1# - MAIN ENTRY--PERSONAL NAME
Personal name Bessone, Esteban P.
245 10 - TITLE STATEMENT
Title El Memorándum de entendimiento con Irán como una herramienta de cooperación internacional
773 0# - HOST ITEM ENTRY
Title Derechos humanos
Related parts - Año III, Nº 5 (jun. 2014)
Record control number REV22278

No hay ítems disponibles.